000 00675nam a2200205Ia 4500
005 20230515123413.0
008 131103s9999 xx 000 0 und d
020 _cRs.65
040 _aLoreto College
041 _aEnglish
082 _a330.9
_bDAS
100 _aDasGupta,A.
245 _aEconomic and commercial geography
_b the study of the world economic resources and their utilisation and trade
_cA.DasGupta
260 _aCalcutta
_bA.Mukherjee & Co.
_c1985
300 _axi,883 p.
_b ill.,diagrams,maps,tables
504 _aIncludes bibliographical references
650 _aEconomics - Commercial Geography - Economics Geography
850 _aLCLIB
942 _cBK
999 _c7554
_d58033